| 000 | 00521cam a22002171 4500 | ||
|---|---|---|---|
| 001 | sa 64007797 | ||
| 003 | DLC | ||
| 005 | 20260227112049.0 | ||
| 008 | 890621s1963 ii 000 1 malo | ||
| 010 | _asa 64007797 | ||
| 035 | _a(OCoLC)19908104 | ||
| 040 |
_aDLC _cWaU _dDLC |
||
| 042 | _apremarc | ||
| 050 | 0 | 0 |
_aPL4718.9.K53 _bS2 |
| 100 | 1 |
_aKittunny, C. A., _d1907-1964. |
|
| 245 | 1 | 0 | _aŚāntibhūmi. |
| 260 |
_a[Trichur? _c1963] |
||
| 300 |
_a193 p. _c18 cm. |
||
| 500 | _aIn Malayalam. | ||
| 500 | _aA novel. | ||
| 999 |
_c60497 _d60497 |
||